[Event "46th GRE-chT Premier 2018"]
[Site "Rio Achaia"]
[Date "2018.07.11"]
[Round "2"]
[White "Saric, Ivan"]
[Black "Warakomski, Tomasz"]
[Result "1-0"]
[WhiteElo "2689"]
[BlackElo "2505"]
[Annotator "TA"]
[PlyCount "109"]
[EventDate "2018.07.10"]
[EventType "team-tourn"]
[EventCountry "GRE"]
[SourceTitle "playchess.com"]
[Source "ChessBase"]
[SourceQuality "1"]

{[%evp 41,109,8,16,-10,0,-9,25,25,46,55,101,40,62,46,62,36,47,39,51,55,79,74,131,151,223,137,140,154,152,130,175,111,122,110,124,118,121,121,121,121,117,119,114,121,190,150,291,285,308,297,300,265,258,87,86,86,118,98,604,92,538,520,797,752,29995,29996,29996,29997,29997,207]} 1. e4 e5 2. Nf3 Nc6 3. Bb5 a6 4. Ba4 Nf6 5. O-O Be7 6. Re1 b5 7. Bb3 d6 8. c3 O-O 9. h3 Nb8 10. d4 Nbd7 11. Nbd2 Bb7 12. Bc2 Re8 13. Nf1 Bf8 14. Ng3 g6 15. a4 c5 16. d5 c4 17. Bg5 Nc5 {C95: Closed Ruy Lopez: Breyer Variation with 10 d4} 18. Qd2 Be7 {[%cal Bf8e7,Be7f6,Bf6g7][%mdl 32]} 19. Rf1 Nfd7 20. Be3 Bf6 21. Nh2 h5 {LiveBook: 5 Games} 22. Ne2 Bg7 23. g4 {[#]} Nf6 $146 24. f3 Qc7 25. Ng3 bxa4 26. Bxa4 (26. gxh5 $16 Nxh5 27. Nxh5 gxh5 28. Kh1) 26... Nxa4 27. Rxa4 a5 28. Kh1 hxg4 29. fxg4 Qd7 30. Raa1 Qb5 31. Rad1 Bc8 ({Better is} 31... a4) 32. Bh6 $16 Nh7 (32... Bh8 $16 33. Rf2 Nh7) 33. Rf2 (33. Bxg7 $6 Kxg7 34. Rf2 Qd7 $16) 33... Ra7 34. Rg1 f6 35. h4 Rf7 36. Bxg7 (36. Be3 $18) 36... Kxg7 37. Nhf1 Rh8 ({Wrong is} 37... Bxg4 $2 38. Ne3 $18) 38. Rh2 Bxg4 {[#] aiming for ...Bf3+.} 39. Nf5+ $1 {[%mdl 512]} gxf5 40. exf5 Kf8 41. Rxg4 Ke7 42. Ne3 Rc8 (42... Nf8 $16) 43. Rhg2 Nf8 (43... Rh8 $16 44. Rxc4 Nf8) 44. Rg7 $18 Nd7 45. Rxf7+ Kxf7 46. Qe2 Rh8 {[#]} 47. Rg4 $2 (47. Qg4 $1 $18 {[%cal Rg4g7] Qg7+ would kill now.} Ke8 48. Kh2) 47... Ke7 $16 48. Qg2 ({Much worse is} 48. Qxc4 $6 Qxb2 49. Rg7+ Kd8 $11) 48... Qa4 49. Kh2 {b3 is the strong threat.} Kd8 $2 {[%mdl 8192] [#]} (49... Kf8 $16) 50. Nxc4 $2 (50. Rg8+ $1 $18 {is the precise move to win.} Rxg8 51. Qxg8+ Ke7 52. Qe6+ Kf8 53. Qxd6+ Ke8 54. Qe6+ Kf8 55. d6) 50... Kc7 $2 {[%mdl 8192]} (50... Nb6 $16) 51. Qf2 $18 Nc5 {[#]} (51... Qb5 $142 52. Qa7+ Kd8 53. Qa8+ (53. Nxd6 Qe2+ 54. Kg3 Qd3+ 55. Kg2 Qe2+ 56. Kg3 Qd3+ 57. Kh2 Qe2+ 58. Kg3 $11) 53... Qb8 54. Qxa5+ Qc7 55. Qa8+ Qc8 56. Qxc8+ Kxc8 57. Nxd6+ Kc7) 52. Nxd6 $1 {[%mdl 512]} Qxg4 (52... Kxd6 53. Rxa4) 53. Qxc5+ {White mates.} Kd7 54. Qc6+ Kd8 55. Qc8+ {Precision: White = 44%, Black = 29%.} 1-0

[Event "46th GRE-chT Premier 2018"]
[Site "Rio Achaia"]
[Date "2018.07.11"]
[Round "2"]
[White "Fedorchuk, Sergey A"]
[Black "Kelires, Andreas"]
[Result "1/2-1/2"]
[WhiteElo "2626"]
[BlackElo "2530"]
[Annotator "TA"]
[PlyCount "153"]
[EventDate "2018.07.10"]
[EventType "team-tourn"]
[EventCountry "GRE"]
[SourceTitle "playchess.com"]
[Source "ChessBase"]
[SourceQuality "1"]

{[%evp 24,153,41,31,32,23,50,29,78,66,119,79,72,29,56,28,60,40,33,24,37,25,22,23,17,18,30,20,22,14,14,12,30,30,18,17,27,25,19,19,31,29,46,50,71,80,90,84,103,95,94,109,100,14,33,9,9,14,24,28,29,29,29,28,16,14,15,0,29,29,126,45,45,45,45,45,45,45,45,45,45,8,45,45,45,45,89,89,89,45,45,45,45,10,45,12,45,45,45,45,45,45,45,8,45,45,45,45,45,45,108,108,108,108,108,45,45,45,45,45,45,45,45,45,45,45,45,45,45,8,8,8]} 1. e4 e5 2. Nf3 Nc6 3. Bb5 a6 4. Ba4 Nf6 5. O-O Be7 6. Re1 b5 7. Bb3 d6 8. c3 {[%cal Bc2c3,Bc3c4][%mdl 32]} O-O 9. h3 Nb8 10. d4 Nbd7 11. c4 c6 12. Nc3 Qc7 {C95: Spanische Partie (Breyer-Variante)} (12... b4 13. Ne2 Nxe4 14. Qc2 f5 15. c5+ d5 16. Be3 Kh8 17. Nxe5 Nxe5 18. dxe5 Bh4 19. g3 Bg5 20. Bxg5 Qxg5 {1-0 (46) Grandelius,N (2652)-Amin,B (2700) Sharjah 2018}) 13. a3 {LiveBook: 11 Partien} Rb8 14. Qc2 h6 $146 {Weiß hat minimalen Vorteil.} ({Vorgänger:} 14... a5 15. Bg5 b4 16. axb4 axb4 17. Ne2 h6 18. Bh4 c5 19. dxe5 Nxe5 20. Nd2 {1-0 (60) Della Morte,G (2363)-Real de Azua,E (2469) Vicente Lopez 2016}) 15. Be3 bxc4 16. Bxc4 d5 (16... exd4 $14 17. Bxd4 (17. Nxd4 Ne5 $14) 17... c5) 17. Bd3 {Droht Sxd5! und aus.} ({Natürlich nicht} 17. exd5 $6 cxd5 18. Bb3 e4 $11) 17... Bd6 18. Rad1 Bb7 19. b4 a5 20. dxe5 Nxe5 21. Nxe5 Bxe5 22. Bc5 (22. exd5 {feels hotter.} axb4 23. axb4 Rfe8 24. d6 Bxd6 25. Bc4) 22... axb4 23. axb4 Rfe8 24. exd5 Nxd5 25. Nxd5 cxd5 26. Ba7 {Droht stark Dxc7.} Qxc2 27. Bxc2 Ra8 28. Bc5 Bc3 29. Rxe8+ Rxe8 30. b5 Rc8 31. Bd6 Ba5 32. Bf5 Rc4 33. Ra1 Bb6 34. Re1 {[%cal Re1e8]} g6 35. Re8+ Kh7 36. Bd3 Rc1+ {[#]} 37. Bf1 $1 {Lf4 ist eine echte Drohung.} d4 {[#]} 38. Bf4 ({Bitte nicht} 38. Rb8 Bd5 $11) ({Lieber} 38. Be5 $1 $16 {[%csl Ge5][%cal Re8h8]} Rc8 39. Rxc8 Bxc8 40. Bc4) 38... Rc8 $1 $11 {[%cal Rc8e8]} 39. Rxc8 (39. Re7 {looks sharper.} Bd5 40. h4 h5 41. Kh2 Kg8 42. Kg3) 39... Bxc8 $14 {[%mdl 4096] Endspiel KLL-KLL} 40. Bc4 Kg7 41. Kf1 g5 42. Be5+ f6 $1 {[%cal Rf6e5]} 43. Bd6 h5 44. Ke2 Kg6 45. Bd5 Bf5 46. f3 g4 (46... Bd7 $11 {hält das Gleichgewicht.}) 47. Be4 (47. hxg4 $16 hxg4 48. Be4) 47... gxh3 48. gxh3 Bxe4 49. fxe4 {KL-KL} Kf7 50. Kd3 Ke6 51. Bf4 f5 $1 52. Bh6 fxe4+ 53. Kxe4 Kf6 54. Bc1 Ke6 55. Ba3 d3 {( -> ...d2)} 56. Kxd3 (56. Bb4 {keeps more tension.} Bd8 57. Bd2 Kd6 58. Kd4 Bb6+ 59. Kc4) 56... Kd5 57. Be7 Ba5 58. Bf8 Be1 59. Ba3 Ba5 60. Be7 Be1 61. Bd8 Kc5 62. b6 Kc6 63. Ke2 Bg3 64. Kf3 Be1 65. Kf4 Bf2 66. Kg5 h4 (66... Kd7 $1 $14) 67. Kg4 $16 Kb7 68. Bxh4 Bxb6 69. Kf5 (69. Be1 $16) 69... Kc6 $14 70. Ke6 Bc7 71. Bf2 {Und weiter mit h4 wäre nett.} Bd8 $1 72. Bg3 Bg5 73. Be5 {Schwarz muss nun Lf6 beachten.} Bh4 74. Bf6 Bf2 75. Bg5 Be1 76. h4 Bxh4 $1 77. Bxh4 {Precision: Weiß = 55%, Schwarz = 55%.} 1/2-1/2

[Event "46th GRE-chT Premier 2018"]
[Site "Rio Achaia"]
[Date "2018.07.11"]
[Round "2"]
[White "Lupulescu, Constantin"]
[Black "Fier, Alexandr"]
[Result "1/2-1/2"]
[WhiteElo "2617"]
[BlackElo "2570"]
[Annotator "ChessBase"]
[PlyCount "71"]
[EventDate "2018.07.10"]
[EventType "team-tourn"]
[EventCountry "GRE"]
[SourceTitle "playchess.com"]
[Source "ChessBase"]
[SourceQuality "1"]
[TimeControl "40/5400+30:1800+30"]

1. e4 {[%emt 0:00:00]} c5 {[%emt 0:00:00]} 2. Nf3 {[%emt 0:00:00]} Nc6 {[%emt 0:00:00]} 3. Bb5 {[%emt 0:00:00]} g6 {[%emt 0:00:00]} 4. Bxc6 {[%emt 0:00:00]} bxc6 {[%emt 0:00:00]} 5. O-O {[%emt 0:00:09]} Bg7 {[%emt 0:00:00]} 6. Re1 {[%emt 0:00:58]} Nh6 {[%emt 0:00:03]} 7. c3 {[%emt 0:00:45]} O-O {[%emt 0:00:06]} 8. d4 {[%emt 0:00:24]} cxd4 {[%emt 0:00:39]} 9. cxd4 {[%emt 0:00:09]} d5 {[%emt 0:00:04]} 10. e5 {[%emt 0:00:16]} f6 {[%emt 0:00:07]} 11. Qc2 {[%emt 0:00:12]} Bg4 {[%emt 0:09:36]} 12. Nbd2 {[%emt 0:01:51]} Qb6 {[%emt 0:00:25]} 13. h3 {[%emt 0:01:28]} Bxf3 {[%emt 0:03:20]} 14. Nxf3 {[%emt 0:00:57]} Nf5 {[%emt 0:00:06]} 15. e6 {[%emt 0:16:14]} Rfc8 {[%emt 0:06:45]} 16. Qd3 {[%emt 0:08:39]} Qb5 {[%emt 0:03:25]} 17. Qd1 {[%emt 0:03:51]} c5 {[%emt 0:09:45]} 18. dxc5 {[%emt 0:00:59]} Qxc5 {[%emt 0:00:35]} 19. Bf4 {[%emt 0:05:22]} Qb4 {[%emt 0:02:27]} 20. Bh2 {[%emt 0:02:22]} Nh4 {[%emt 0:13:21]} 21. Nxh4 {[%emt 0:03:40]} Qxh4 {[%emt 0:00:04]} 22. Qxd5 {[%emt 0:00:13]} f5 {[%emt 0:00:03]} 23. Be5 {[%emt 0:04:20]} Qc4 {[%emt 0:00:20]} 24. Rad1 {[%emt 0:13:22]} Qxd5 {[%emt 0:01:04]} 25. Rxd5 {[%emt 0:00:09]} Bxe5 {[%emt 0:00:02]} 26. Rdxe5 {[%emt 0:02:21]} Kg7 {[%emt 0:00:42]} 27. Ra5 {[%emt 0:03:21]} Rc6 {[%emt 0:03:19]} 28. g4 {[%emt 0:04:33]} Kf6 {[%emt 0:01:26]} 29. Kg2 {[%emt 0:15:05]} Rc2 {[%emt 0:05:14]} 30. b3 {[%emt 0:00:55]} Rd8 {[%emt 0:00:20]} 31. gxf5 {[%emt 0:04:25]} Rdd2 {[%emt 0:00:26]} 32. Rf1 {[%emt 0:01:55]} Rxa2 {[%emt 0:03:13]} 33. Rxa2 {[%emt 0:00:17]} Rxa2 {[%emt 0:00:04]} 34. fxg6 {[%emt 0:00:06]} hxg6 {[%emt 0:00:03]} 35. Re1 {[%emt 0:00:15]} Ra6 {[%emt 0:00:15]} 36. Re4 {[%emt 0:01:18] Ke5} 1/2-1/2

[Event "46th GRE-chT Premier 2018"]
[Site "Rio Achaia"]
[Date "2018.07.11"]
[Round "2"]
[White "Istratescu, Andrei"]
[Black "Trimitzios, Petros"]
[Result "1-0"]
[WhiteElo "2575"]
[BlackElo "2300"]
[Annotator "ChessBase"]
[PlyCount "69"]
[EventDate "2018.07.10"]
[EventType "team-tourn"]
[EventCountry "GRE"]
[SourceTitle "playchess.com"]
[Source "ChessBase"]
[SourceQuality "1"]
[TimeControl "40/5400+30:1800+30"]

1. e4 {[%emt 0:04:02]} e5 {[%emt 0:00:00]} 2. Nf3 {[%emt 0:00:04]} Nc6 {[%emt 0:00:43]} 3. Bb5 {[%emt 0:00:04]} Nf6 {[%emt 0:00:35]} 4. O-O {[%emt 0:01:14]} Nxe4 {[%emt 0:00:58]} 5. d4 {[%emt 0:00:05]} Nd6 {[%emt 0:00:24]} 6. Bxc6 {[%emt 0:00:04]} dxc6 {[%emt 0:00:09]} 7. dxe5 {[%emt 0:00:03]} Nf5 {[%emt 0:00:15]} 8. Qxd8+ {[%emt 0:00:04]} Kxd8 {[%emt 0:00:02]} 9. Nc3 {[%emt 0:00:13]} Ke8 {[%emt 0:06:11]} 10. h3 {[%emt 0:01:30]} Be6 {[%emt 0:04:18]} 11. Rd1 {[%emt 0:05:44]} Bb4 {[%emt 0:05:19]} 12. Ne2 {[%emt 0:03:36]} Bd5 {[%emt 0:10:45]} 13. Nfd4 {[%emt 0:00:51]} Ne7 {[%emt 0:00:51]} 14. Nf4 {[%emt 0:01:14]} Rd8 {[%emt 0:05:21]} 15. Be3 {[%emt 0:09:38]} f6 {[%emt 0:14:02]} 16. a3 {[%emt 0:08:35]} Ba5 {[%emt 0:06:51]} 17. exf6 {[%emt 0:03:57]} gxf6 {[%emt 0:00:11]} 18. Rac1 {[%emt 0:02:09]} Bb6 {[%emt 0:07:01]} 19. c4 {[%emt 0:00:33]} Bxc4 {[%emt 0:00:20]} 20. Rxc4 {[%emt 0:00:17]} c5 {[%emt 0:00:02]} 21. Nfe6 {[%emt 0:00:13]} Rd5 {[%emt 0:00:02]} 22. Re1 {[%emt 0:08:46]} cxd4 {[%emt 0:11:31]} 23. Bxd4 {[%emt 0:01:29]} Kf7 {[%emt 0:01:32]} 24. Bxb6 {[%emt 0:00:16]} cxb6 {[%emt 0:00:03]} 25. Rc7 {[%emt 0:00:23]} Re5 {[%emt 0:04:12]} 26. Ng5+ {[%emt 0:03:20]} Rxg5 {[%emt 0:03:23]} 27. Rexe7+ {[%emt 0:00:31]} Kg6 {[%emt 0:00:08]} 28. Rg7+ {[%emt 0:02:19]} Kh6 {[%emt 0:00:13]} 29. Rxg5 {[%emt 0:00:03]} fxg5 {[%emt 0:00:03]} 30. Rxb7 {[%emt 0:00:05]} Rd8 {[%emt 0:00:01]} 31. Rxa7 {[%emt 0:01:21]} Rd1+ {[%emt 0:00:07]} 32. Kh2 {[%emt 0:00:03]} Rd2 {[%emt 0:00:04]} 33. b4 {[%emt 0:00:04]} Rxf2 {[%emt 0:00:27]} 34. Ra6 {[%emt 0:00:06]} Rf6 {[%emt 0:00:07]} 35. a4 {[%emt 0:00:03]} 1-0

[Event "46th GRE-chT Premier 2018"]
[Site "Rio Achaia"]
[Date "2018.07.11"]
[Round "2"]
[White "Halkias, Stelios"]
[Black "Papadopoulos, Georgios"]
[Result "1/2-1/2"]
[WhiteElo "2570"]
[BlackElo "2352"]
[Annotator "TA"]
[PlyCount "114"]
[EventDate "2018.07.10"]
[EventType "team-tourn"]
[EventCountry "GRE"]
[SourceTitle "playchess.com"]
[Source "ChessBase"]
[SourceQuality "1"]

{[%evp 22,114,30,35,46,33,46,48,48,48,48,51,52,45,47,43,40,24,51,0,0,0,10,0,1,-30,58,60,50,0,0,0,0,2,14,17,23,33,29,26,18,28,91,87,74,40,135,43,60,48,58,18,24,37,43,8,29,15,16,-15,-12,-35,0,0,0,0,0,0,0,0,0,0,0,0,0,-7,-7,-8,0,0,0,0,0,0,0,0,0,0,0,0,0,0,0,0,0]} 1. Nf3 Nf6 2. d4 g6 3. g3 Bg7 4. Bg2 O-O 5. O-O d6 6. Re1 Nbd7 7. e4 e5 8. Nc3 c6 9. a4 a5 10. h3 exd4 {B07: Pirc Defence: Miscellaneous Systems} (10... Qc7 11. Be3 Re8 12. Qd2 b6 13. Bh6 Bh8 14. Rad1 Bb7 15. dxe5 dxe5 16. Bf1 Nc5 17. Bc4 Ne6 18. Ng5 Nxg5 19. Bxg5 Rad8 20. Qe3 {½-½ (54) Ju,W (2572)-Grigoryan,K (2581) chess.com INT 2018}) 11. Nxd4 Re8 12. Bf4 {LiveBook: 13 Games} Nb6 {White is slightly better.} 13. Qd3 $146 ({Predecessor:} 13. Kh2 d5 14. exd5 Rxe1 15. Qxe1 Nfxd5 16. Nxd5 Nxd5 17. Bxd5 cxd5 18. Be5 {0-1 (52) Stamos,F (2130)-Giannoulakis,L (2141) Kavala 2015}) 13... d5 14. exd5 Rxe1+ 15. Rxe1 Nfxd5 16. Nxd5 Nxd5 17. Bxd5 cxd5 18. Nb5 Bf5 ({Don't play} 18... Bxb2 19. Nc7 $16) 19. Qb3 Qd7 20. Nc7 (20. g4 $14 Be6 21. Be5) 20... Rc8 $11 21. Qxd5 g5 ({Avoid the trap} 21... Rxc7 $2 22. Qxd7 Bxd7 23. Bxc7 $18) 22. Bd6 Rd8 $132 {[%mdl 2048] Black has counterplay} 23. Nb5 Bf6 (23... h6 $11) 24. Qf3 $1 $14 {[#] Threatens to win with g4.} Kg7 $1 25. Bc7 Qd5 26. Qxd5 Rxd5 27. c4 Rd2 28. Nd6 Bxh3 29. Ne8+ Kg6 30. Nxf6 Kxf6 31. Bxa5 $11 {[%mdl 4096] Endgame KRB-KRB} Rc2 (31... Rd3 $11) 32. Bc3+ $16 Kg6 33. Rd1 f5 {[#]} ({Black should play} 33... Kh5 $14) 34. Rd6+ (34. Rd7 $1 $16) 34... Kh5 $14 35. Rd7 Kg4 36. Rxh7 {Strongly threatening a5.} Rc1+ $1 37. Kh2 Bf1 38. Rg7 {And now Bd2 would win.} Bd3 39. Rxg5+ Kf3 $1 40. Be5 Be4 41. Bf4 (41. Rg8 {seems wilder.} Rd1 42. Bc7 Kxf2 43. Bb6+ Ke2 44. Bg1) 41... Rxc4 (41... Rf1 {looks sharper.} 42. Be3 Ke2 43. f3 Kxf3 44. Ba7 Rb1) 42. Rg8 {The position is equal.} Rxa4 43. Kh3 Rb4 44. Be5 Kxf2 45. Rd8 Bg2+ 46. Kh2 {Hoping for Rd2+.} Bf3 47. Rd2+ Ke3 48. Rd6 Bg4 49. Kg2 Ra4 50. Bf4+ Ke2 51. Rd2+ Ke1 {White must now prevent ...Rxf4!} 52. Rc2 Bd1 53. Rc5 Bg4 54. Rc1+ Ke2 55. Rc2+ Kd1 56. Rc1+ Ke2 57. Rc2+ Kd1 {Precision: White = 62%, Black = 64%.} 1/2-1/2

[Event "46th GRE-chT Premier 2018"]
[Site "Rio Achaia"]
[Date "2018.07.11"]
[Round "2"]
[White "Sadzikowski, Daniel"]
[Black "Banikas, Hristos"]
[Result "1/2-1/2"]
[WhiteElo "2567"]
[BlackElo "2591"]
[Annotator "TA"]
[PlyCount "66"]
[EventDate "2018.07.10"]
[EventType "team-tourn"]
[EventCountry "GRE"]
[SourceTitle "playchess.com"]
[Source "ChessBase"]
[SourceQuality "1"]

{[%evp 16,66,19,14,33,39,47,28,34,29,37,27,41,28,70,31,57,57,71,58,58,58,58,59,61,58,60,40,57,31,50,61,57,56,46,16,19,17,15,5,5,7,23,22,20,25,25,22,46,27,28,27,27]} 1. e4 c5 2. Nf3 d6 3. Bb5+ Nd7 4. Ba4 (4. O-O a6 5. Bd3 Ngf6 6. c3 b5 7. a4 c4 8. Be2 Bb7 9. axb5 axb5 10. Rxa8 Bxa8 11. Na3 Bxe4 12. Nxb5 d5 {1-0 (28) Svidler,P (2753)-Nepomniachtchi,I (2757) Jerusalem 2018}) 4... Ngf6 5. O-O a6 6. c4 {B51: Sicilian: Moscow Variation (3 Bb5+) without 3...Bd7} g6 7. Nc3 Bg7 8. h3 O-O 9. d3 {LiveBook: 10 Games} Ne5 10. Nxe5 dxe5 11. Rb1 $146 ({Predecessor:} 11. Be3 Qd6 {1-0 (59) Baklan,V (2598)-Gokerkan,C (2422) Izmir 2018}) 11... Qd6 12. a3 Rd8 13. Bc2 Nh5 14. b4 Nf4 15. Be3 Ne6 16. Nd5 Nd4 17. Bxd4 exd4 18. f4 {And now e5 would win.} e6 19. e5 Qf8 20. Nb6 Ra7 21. Qc1 Qe7 22. Bd1 Bf8 23. b5 Bd7 24. Nxd7 Rxd7 25. Bf3 b6 26. bxa6 Rxa6 27. Be4 Rda7 28. Rb3 h5 29. g3 Qd8 30. Kg2 Kg7 31. Rf2 f5 32. Bf3 Kf7 33. h4 Be7 {Precision: White = 59%, Black = 58%.} 1/2-1/2

[Event "46th GRE-chT Premier 2018"]
[Site "Rio Achaia"]
[Date "2018.07.11"]
[Round "2"]
[White "Pavlidis, Antonios"]
[Black "Pavlidis, Anastasios"]
[Result "0-1"]
[WhiteElo "2564"]
[BlackElo "2362"]
[Annotator "TA"]
[PlyCount "116"]
[EventDate "2018.07.10"]
[EventType "team-tourn"]
[EventCountry "GRE"]
[SourceTitle "playchess.com"]
[Source "ChessBase"]
[SourceQuality "1"]

{[%evp 20,116,54,54,74,69,66,58,58,33,120,114,137,158,144,158,153,134,189,185,218,231,198,100,122,101,95,79,114,58,112,97,85,81,76,77,182,155,164,162,305,303,287,293,277,282,282,296,537,540,528,491,508,504,802,803,676,436,428,385,335,212,181,77,77,77,77,85,98,86,77,74,66,66,67,56,56,56,56,58,65,2,2,4,3,0,0,0,8,0,0,-8,0,0,0,-8,-8,-142,-142]} 1. c4 Nf6 2. Nc3 g6 3. e4 d6 4. d4 Bg7 5. h3 O-O 6. Be3 c5 7. Nf3 {[%cal Bg1f3,Bf3d4,Bd4b3,Bb3c5][%mdl 32]} cxd4 8. Nxd4 Nc6 9. Be2 Bd7 10. O-O Rc8 11. Rc1 {LiveBook: 3 Games} Qa5 {B38: Sicilian: Maroczy Bind with 5...Bg7 and 7...0-0} (11... a6 12. Nf3 Ne5 13. Nd2 Bc6 14. f4 Ned7 15. b4 b6 16. Bd3 Bb7 17. Bb1 Ne8 18. Qb3 e6 19. Nf3 Qc7 20. Ne2 Nef6 21. Ng3 Qb8 22. Rfd1 Rfd8 23. Ng5 h6 24. Nf3 b5 25. cxb5 axb5 {1-0 (25) Martin Duque,J (2376)-Suarez Uriel,A (2402) San Sebastian 2017}) 12. Nb3 $146 ({Predecessor:} 12. f4 a6 13. Nb3 Qd8 14. Bf3 Na5 15. Nxa5 Qxa5 16. c5 Rxc5 17. Bxc5 Qxc5+ 18. Kh2 Qe3 19. g3 {1-0 (47) Zhukov,D (2176)-Skrjabin,I (2083) St Petersburg 2007}) 12... Qd8 13. c5 Be6 {White is slightly better.} 14. cxd6 Qxd6 (14... exd6 $14 15. Nd4 Nxd4 16. Bxd4 (16. Qxd4 Nd5 $11) 16... Re8) 15. Nc5 $16 b6 16. Qxd6 exd6 17. Nxe6 fxe6 18. Rfd1 Rfd8 (18... d5 $16) 19. Bc4 $1 $18 {[%cal Rc4e6]} Kf7 20. Ba6 $1 Rb8 21. a3 (21. Nb5 $18 Nb4 22. Nxd6+ Rxd6 23. Rc7+ (23. Rxd6 Nxa6 24. f3 Bf8 $11) 23... Kg8 24. Rxd6 Nxa6 25. Rxa7) 21... Ne7 $16 22. b4 Ne8 23. Nb5 d5 24. Bg5 (24. Bf4 $16) 24... Bf6 ({Black should try} 24... dxe4 $14 25. Bf4 (25. Nxa7 Rd5 $14) 25... e5) 25. Bxf6 Kxf6 26. Re1 dxe4 27. Rxe4 Rd5 (27... Nd6 $16 28. Rf4+ Kg5 29. Rg4+ Kf6) 28. Rce1 $1 $36 {[%mdl 2048] White is in control.} Ng7 29. Nc3 $1 ({Stronger than} 29. Nxa7 Ra8 $17) 29... Rdd8 (29... Rd7 {might work better.} 30. Rh4 Nh5 31. Ne4+ Kg7) 30. Rf4+ Nef5 {[#]} 31. g4 $1 Kg5 32. Rf3 (32. gxf5 Kxf4 33. fxe6 Kf5 $11) 32... Nd4 33. Rf7 Ngf5 $2 (33... h5 34. Nb5 (34. Rxg7 Nf3+ 35. Kf1 Nxe1 $18) 34... Nxb5) 34. Ne4+ ({Weaker is} 34. gxf5 Nf3+ 35. Kf1 Nxe1 $16) 34... Kf4 {...Nf3+ is the strong threat.} 35. Nd2 Kg5 36. Re4 h5 (36... Kh6 $142 37. gxf5 gxf5) 37. f4+ Kh4 38. gxf5 Nxf5 39. Re2 b5 40. Rf6 {Black must now prevent Kg2.} ({Don't play} 40. Rxa7 Kxh3 41. Bb7 Kg4 $18) 40... Rd3 {[#]} 41. Rxg6 (41. Nf1 $1 $18 {has better winning chances.}) 41... Nd4 $16 42. Rf2 {And now Kg2 would win.} Rxd2 43. Rxd2 Nf3+ 44. Kg2 Nxd2 45. Rxe6 {[%mdl 4096] Endgame KRB-KRN} Nc4 46. a4 $1 Rg8+ 47. Kf3 Rg3+ $1 48. Kf2 Rb3 $1 49. Bxb5 Rxb4 50. Re4 (50. f5 $14 Nb6 51. Re5) 50... Rb2+ $11 51. Re2 Rb4 $1 52. Re4 Rb2+ 53. Re2 Rb4 $1 54. Re7 Nd6 55. Be2 Rxf4+ 56. Bf3 a5 57. Re6 Nf7 58. Kg2 (58. Re4 $1 $11 Rxe4 59. Bxe4) 58... Ng5 {Precision: White = 50%, Black = 54%.} 0-1

[Event "46th GRE-chT Premier 2018"]
[Site "Rio Achaia"]
[Date "2018.07.11"]
[Round "2"]
[White "Mihok, Oliver"]
[Black "Koyias, Konstantinos"]
[Result "1-0"]
[WhiteElo "2550"]
[BlackElo "2192"]
[Annotator "RC"]
[PlyCount "81"]
[EventDate "2018.07.10"]
[EventType "team-tourn"]
[EventCountry "GRE"]
[SourceTitle "playchess.com"]
[Source "ChessBase"]
[SourceQuality "1"]
[TimeControl "40/5400+30:1800+30"]

1. e4 {[%emt 0:00:00]} c5 {[%emt 0:00:00]} 2. Nf3 {[%emt 0:00:00]} e6 {[%emt 0:00:00]} 3. g3 {[%emt 0:00:04]} Nc6 {[%emt 0:00:00]} 4. Bg2 {[%emt 0:00:05]} Nf6 {[%emt 0:00:37]} 5. d3 {[%emt 0:00:10]} d6 {[%emt 0:00:14]} 6. O-O {[%emt 0:00:16]} Be7 {[%emt 0:00:30]} 7. c3 {[%emt 0:01:28]} O-O {[%emt 0:02:08]} 8. Re1 {[%emt 0:00:16]} e5 {[%emt 0:02:00]} 9. h3 {[%emt 0:03:47]} Rb8 {[%emt 0:03:51]} 10. d4 {[%emt 0:05:15]} b5 {[%emt 0:06:34]} 11. d5 {[%emt 0:03:39]} Na5 {[%emt 0:00:11]} 12. Nbd2 {[%emt 0:01:02]} Bd7 {[%emt 0:02:37]} 13. b4 {[%emt 0:04:10]} Nb7 {[%emt 0:00:49]} 14. Nf1 {[%emt 0:04:41]} a5 {[%emt 0:04:33]} 15. a3 {[%emt 0:01:16]} Qc7 {[%emt 0:06:13]} 16. g4 {[%emt 0:05:17]} g6 {[%emt 0:11:17]} 17. Bg5 {[%emt 0:06:09]} Kg7 {[%emt 0:03:47]} 18. Ng3 {[%emt 0:01:59]} Ng8 {[%emt 0:03:54]} 19. Be3 {[%emt 0:02:15]} Rbc8 {[%emt 0:01:35]} 20. Qd2 {[%emt 0:07:12]} Ra8 {[%emt 0:05:57]} 21. Bf1 {[%emt 0:02:32]} Rfc8 {[%emt 0:02:13]} 22. Reb1 {[%emt 0:05:12]} Rcb8 {[%emt 0:08:29]} 23. Kh2 {[%emt 0:03:32]} Qc8 {[%emt 0:05:11]} 24. Rc1 {[%emt 0:02:54]} c4 {[%emt 0:00:55]} 25. Be2 {[%emt 0:04:36]} axb4 {[%emt 0:00:45]} 26. cxb4 {[%emt 0:02:33]} Qe8 {[%emt 0:05:27]} 27. Rg1 {[%emt 0:01:57]} Kh8 {[%emt 0:01:07]} 28. Qc3 {[%emt 0:01:32]} Bf6 {[%emt 0:01:11]} 29. Rg2 {[%emt 0:00:30]} Qe7 {[%emt 0:03:24]} 30. Rh1 {[%emt 0:01:34]} h6 {[%emt 0:01:23]} 31. Kg1 {[%emt 0:02:51]} Bg7 {[%emt 0:00:16]} 32. Ne1 {[%emt 0:02:37]} Bf6 {[%emt 0:03:30]} 33. h4 {[%emt 0:03:14]} Bxh4 {[%emt 0:02:14]} 34. f4 {[%emt 0:07:14]} Kg7 {[%emt 0:09:58]} 35. Nf3 {[%emt 0:03:04]} Bxg3 {[%emt 0:00:24]} 36. Rxg3 {[%emt 0:00:05]} f6 {[%emt 0:00:24]} 37. g5 {[%emt 0:04:12]} hxg5 {[%emt 0:02:53]} 38. fxg5 {[%emt 0:00:05]} Rf8 {[%emt 0:00:18]} 39. gxf6+ {[%emt 0:01:51]} Qxf6 {[%emt 0:00:02]} 40. Ng5 {[%emt 0:00:00]} Qd8 {[%emt 0:00:00]} 41. Rh7+ {[%emt 0:01:36]} 1-0